000 02281nam0a2200385 4500
001 RU\NLR\BIBL_A\011653365
005 20180413145037.0
010 _a978-5-7526-0780-6
_9100
021 _aRU
_bКН-П-18-006120
_9КН-П-18-0420
035 _a(NLR Aleph) 011653365
035 _a(RuMoRGB)009532502
090 _a11140731
_c11140731
100 _a20180307d2017 k y0rusy50 ca
101 0 _arus
102 _aRU
105 _aa|||z|||000zy
200 1 _aМетодика развития выносливости студентов на занятиях по физической культуре на основе способа повышения работоспособности
_eмонография
_fИ.Г. Гибадуллин, И.В. Нюняев, А.Ю. Анисимова
_gМинистерство образования и науки Российской Федерации, Федеральное государственное бюджетное образовательное учреждение высшего образования "Ижевский государственный технический университет имени М.Т. Калашникова"
210 _aИжевск
_cИзд-во ИжГТУ имени М.Т. Калашникова
_d2017
215 _a138, [1] с.
_cил., табл.
_d20
320 _aБиблиогр.: с. 121-139 (222 назв.)
606 1 _aФизическая культура и спорт
_xПреподавание
_xВысшая школа
_92427011
_3RU\NLR\AUTH\661444892
606 1 _aВыносливость
_xВоспитание
_91358100
_3RU\NLR\AUTH\66253403
610 0 _aвыносливость студентов на занятиях по физической культуре
686 _aЧ511.485.3р(2Р)3,0
_2rubbk
686 1 _aЧ511.485.3
686 1 _aЧ486.73
700 1 _aГибадуллин
_bИ. Г.
_gИлдус Гиниятуллович
701 1 _aНюняев
_bИ. В.
_gИван Валерьевич
701 1 _aАнисимова
_bА. Ю.
_gАлександра Юрьевна
942 _cBOOK
980 _aNBR
980 _aNB